| 000 | 00322nam a2200097Ia 4500 | ||
|---|---|---|---|
| 005 | 20250424112920.0 | ||
| 008 | 250424s9999 xx 000 0 und d | ||
| 300 | _av. : ill. (some color) ; 24- 30 cm. | ||
| 650 | _aculture & science Islam and science--Periodicals Science--Periodicals Islam--Turkey--Periodicals | ||
| 942 | _cSR | ||
| 999 |
_c37858 _d37858 |
||